000 01282cam a22003737a 4500
003 CHAP
005 20220817043422.0
008 980311d1995 mx a r 00010 spa d
010 _a74890
011 _a75862
035 _a85433
040 _cCHAP
090 _aFolleto 14982
100 0 0 _aFlores Cáceres, Silverio.
_941472
245 1 0 _aCaracterísticas de la producción azucarera en México
_c/por Silverio Flores Cáceres
260 _aMorelia, Mich. :
_bFideicomisos Instituídos en Relación con la Agricultura,
_c1995.
300 _app. 2-32 :
_bilus.
410 _aFIRA
490 0 _aBoletin informativo
_v; XXVIII (277)
500 _aEnc. con otro impreso similar
590 _aBATCH-UPD
_b10
_c20130110
_lUCH01
_h1215
590 _aBATCH-UPD
_b10
_c20130410
_lUCH01
_h0752
590 _aBATCH-UPD
_b10
_c20130914
_lUCH01
_h0511
590 _aCONVERSION
_b10
_c20130109
_lUCH01
_h1341
650 1 4 _aAzúcar
_xProducción
_xMéxico.
_99174
650 1 4 _aCaña de azúcar
_zMéxico.
_918668
810 _aFIRA
_941029
830 0 _aBoletin informativo
_v; XXVIII (277)
901 _aBK
905 _aAlejandra Carrasco M.
942 _cFOLL
949 _aFolleto 14982
_bBC
_cFOLL
_d854331
_eTS1
_i85433
_sb
949 _aFolleto 14982
_bBC
_cFOLL
_d854332
_eTS2
_fc.2
_i85433
_sb
999 _c74890
_d74890